Estudio de prefactibilidad para la instalación de un taller artesal que elabore carteras para damas a partir de Raphia y Kamba en la ciudad de Managua
Estudio de factibilidad para la instalación de un taller que elabore carteras artesanales para damas a partir de raphia y kamba. Uno de los aspectos más importantes es la aceptación del producto en el mercado y la rentabilidad que puede generarse al comercializar el producto.
| Main Authors: | , , |
|---|---|
| Other Authors: | |
| Format: | Tesis Section = Libro |
| Language: | Undetermined Spanish |
| Published: |
Managua
UNI
2004
|
| Subjects: |
| LEADER | 01279nam a2200289Ia 4500 | ||
|---|---|---|---|
| 008 | 240830s9999 xx 000 0 und d | ||
| 040 | |a BIBLIOTECA-RUPAP Mon 658.11 M827 | ||
| 041 | |a spa | ||
| 082 | |a Mon 658.11 M827 | ||
| 100 | 1 | |a Moraga Ortiz, Kenia María | |
| 100 | 1 | |b Vargas Genie, Mariángel Elisa | |
| 100 | 1 | |c Montenegro Gutiérrez, Margarita | |
| 245 | 1 | 0 | |a Estudio de prefactibilidad para la instalación de un taller artesal que elabore carteras para damas a partir de Raphia y Kamba en la ciudad de Managua |
| 260 | |a Managua |b UNI |c 2004 | ||
| 300 | |a 179 p. :il. | ||
| 500 | |a Contiene: Anexos y CD | ||
| 502 | |a Tesis (Ingeniero Industrial)- UNI, 2004. | ||
| 520 | 3 | |a Estudio de factibilidad para la instalación de un taller que elabore carteras artesanales para damas a partir de raphia y kamba. Uno de los aspectos más importantes es la aceptación del producto en el mercado y la rentabilidad que puede generarse al comercializar el producto. | |
| 650 | 7 | |a NUEVAS EMPRESAS | |
| 650 | 7 | |b ESTUDIOS DE FACTIBILIDAD | |
| 650 | 7 | |c TALLERES ARTESANALES- INSTALACION- MANAGUA | |
| 650 | 7 | |d CARRETERAS- INDUSTRIAL Y COMERCIO | |
| 650 | 7 | |e MERCADEO | |
| 700 | 1 | |a Tutor: |b López Guadamuz, Juan José | |
| 942 | |c BK |2 ddc | ||
| 991 | |a TESIS | ||
| 999 | |c 16965 | ||